Conceptos de Genética
Պահպանված է:
| Հիմնական հեղինակ: | |
|---|---|
| Այլ հեղինակներ: | , , |
| Ձևաչափ: | Գիրք |
| Լեզու: | իսպաներեն |
| Հրապարակվել է: |
Madrid, España:
Pearson Educación,
2013.
|
| Հրատարակություն: | Décima edición. |
| Խորագրեր: | |
| Ցուցիչներ: |
Ավելացրեք ցուցիչ
Չկան պիտակներ, Եղեք առաջինը, ով նշում է այս գրառումը!
|
MARC
| LEADER | 00000cam a2200000 a 4500 | ||
|---|---|---|---|
| 001 | UCE1488 | ||
| 003 | CL-VaPUC | ||
| 005 | 20240906144412.0 | ||
| 008 | 140502e20130000sp |||||||||||||||||spa|d | ||
| 999 | |c 355264 |d 355262 | ||
| 020 | |a 9788415552499 | ||
| 040 | |c Pontificia Universidad Católica de Valparaíso | ||
| 082 | 0 | 4 | |a 575.1 KLU 2013 |2 21 |
| 100 | |a Klug, William S |9 573818 |e autor | ||
| 245 | 1 | 0 | |a Conceptos de Genética |
| 250 | |a Décima edición. | ||
| 260 | |a Madrid, España: |b Pearson Educación, |c 2013. | ||
| 300 | |a 949 páginas. | ||
| 583 | |a last modification |c 20140502 10:02:00 |k Rodrigo Vera | ||
| 650 | 0 | |a Genética |x Cromosomas |x Mitosis |x Meiosis |9 259443 | |
| 650 | 0 | |a División celular |9 344073 | |
| 650 | 0 | |a Biotecnología |9 343784 | |
| 700 | 0 | |a Cummings, Michael R |9 573819 |e autor | |
| 700 | 0 | |a Spencer, Charlotte A |9 573820 |e autor | |
| 700 | 0 | |a Palladino, Michael A |9 573821 |e autor | |
| 942 | |c BK |2 ddc | ||
| 945 | |d 20140502 10:02:00 |a cmena | ||
| 952 | |0 0 |1 0 |2 ddc |3 erb |4 0 |6 575_100000000000000_KLU_2013 |7 0 |8 R |9 461850 |a BIBAGR |b BIBAGR |i 5072417 |l 5 |o 575.1 KLU 2013 |p 5072417 |r 2025-01-20 |s 2024-08-21 |t 3 |w 2019-11-23 |y BK_R |z Catalogado en:20140502 |k AGR | ||
| 952 | |0 0 |1 0 |2 ddc |3 erb |4 0 |6 575_100000000000000_KLU_2013 |7 0 |8 R |9 461851 |a BIBAGR |b BIBAGR |i 5072425 |l 1 |o 575.1 KLU 2013 |p 5072425 |r 2025-01-20 |s 2024-12-05 |t 4 |w 2019-11-23 |y BK_R |z Catalogado en:20140502 |k AGR | ||
| 952 | |0 0 |1 0 |2 ddc |3 erb |4 0 |6 575_100000000000000_KLU_2013 |7 0 |8 R |9 461852 |a BIBAGR |b BIBAGR |i 5072433 |l 5 |o 575.1 KLU 2013 |p 5072433 |r 2025-01-20 |s 2024-08-29 |t 5 |w 2019-11-23 |y BK_R |z Catalogado en:20140502 |k AGR | ||
| 952 | |0 0 |1 0 |2 ddc |3 erb |4 0 |6 575_100000000000000_KLU_2013 |7 0 |8 R |9 461853 |a BIBAGR |b BIBAGR |i 5072441 |l 1 |o 575.1 KLU 2013 |p 5072441 |r 2025-01-20 |s 2023-10-31 |t 6 |w 2019-11-23 |y BK_R |z Catalogado en:20140502 |k AGR | ||
| 952 | |0 0 |1 0 |2 ddc |3 erb |4 0 |6 575_100000000000000_KLU_2013 |7 0 |8 R |9 461854 |a BIBAGR |b BIBAGR |i 507245K |o 575.1 KLU 2013 |p 507245K |r 2025-01-20 |t 7 |w 2019-11-23 |y BK_R |z Catalogado en:20140502 |k AGR | ||
| 952 | |0 0 |1 0 |2 ddc |3 erb |4 0 |6 575_100000000000000_KLU_2013 |7 0 |8 R |9 461855 |a BIBAGR |b BIBAGR |i 5072468 |l 2 |o 575.1 KLU 2013 |p 5072468 |r 2025-01-20 |s 2024-08-29 |t 8 |w 2019-11-23 |y BK_R |z Catalogado en:20140502 |k AGR | ||
| 952 | |0 0 |1 0 |2 ddc |3 erb |4 0 |6 575_100000000000000_KLU_2013 |7 0 |8 A |9 461857 |a BIBCUR |b BIBCUR |i 5335523 |l 14 |m 9 |o 575.1 KLU 2013 |p 5335523 |r 2025-04-22 |s 2024-06-17 |t 2 |w 2019-11-23 |y BK |z Catalogado en:20160807 |k BIO | ||
| 952 | |0 0 |1 0 |2 ddc |4 0 |6 575_100000000000000_KLU_2013 |7 0 |8 A |9 589378 |a BIBCUR |b BIBCUR |c GEN |d 2023-03-31 |e 3 |g 117359.00 |i 5656930 |l 4 |m 1 |o 575.1 KLU 2013 |p 5656930 |r 2024-07-12 |s 2024-07-01 |t 12 |v 117359.00 |w 2023-03-31 |y BK |k BIO | ||
| 952 | |0 0 |1 0 |2 ddc |4 0 |6 575_100000000000000_KLU_2013 |7 0 |8 A |9 589379 |a BIBCUR |b BIBCUR |c GEN |d 2023-03-31 |e 3 |g 117359.00 |i 5656927 |l 7 |m 2 |o 575.1 KLU 2013 |p 5656927 |r 2024-06-18 |s 2024-06-18 |t 9 |v 117359.00 |w 2023-03-31 |y BK |k BIO | ||
| 952 | |0 0 |1 0 |2 ddc |4 0 |6 575_100000000000000_KLU_2013 |7 0 |8 A |9 589380 |a BIBCUR |b BIBCUR |c GEN |d 2023-03-31 |e 3 |g 117359.00 |i 5656929 |l 4 |o 575.1 KLU 2013 |p 5656929 |r 2024-06-27 |s 2024-06-21 |t 11 |v 117359.00 |w 2023-03-31 |y BK |k BIO | ||
| 952 | |0 0 |1 0 |2 ddc |4 0 |6 575_100000000000000_KLU_2013 |7 0 |8 A |9 589381 |a BIBCUR |b BIBCUR |c GEN |d 2023-03-31 |e 3 |g 117359.00 |i 5656931 |l 6 |m 1 |o 575.1 KLU 2013 |p 5656931 |r 2024-06-26 |s 2024-06-07 |t 13 |v 117359.00 |w 2023-03-31 |y BK |k BIO | ||
| 952 | |0 0 |1 0 |2 ddc |4 0 |6 575_100000000000000_KLU_2013 |7 0 |8 A |9 589382 |a BIBCUR |b BIBCUR |c GEN |d 2023-03-31 |e 3 |g 117359.00 |i 5656928 |l 6 |m 3 |o 575.1 KLU 2013 |p 5656928 |r 2024-06-26 |s 2024-06-21 |t 10 |v 117359.00 |w 2023-03-31 |y BK |k BIO | ||
| 952 | |0 0 |1 0 |2 ddc |4 0 |6 575_100000000000000_KLU_2013 |7 0 |8 A |9 592531 |a BIBCUR |b BIBCUR |c GEN |d 2023-11-16 |e 3 |g 127970.50 |i 5659536 |l 10 |m 4 |o 575.1 KLU 2013 |p 5659536 |r 2025-04-22 |s 2025-03-21 |t 15 |v 127970.50 |w 2023-11-16 |y BK |k BIO | ||
| 952 | |0 0 |1 0 |2 ddc |4 0 |6 575_100000000000000_KLU_2013 |7 0 |8 A |9 592532 |a BIBCUR |b BIBCUR |c GEN |d 2023-11-16 |e 3 |g 127970.50 |i 5659535 |l 4 |o 575.1 KLU 2013 |p 5659535 |r 2025-04-22 |s 2025-03-12 |t 14 |v 127970.50 |w 2023-11-16 |y BK |k BIO | ||
| 952 | |0 0 |1 0 |2 ddc |4 0 |6 575_100000000000000_KLU_2013 |7 0 |8 A |9 593000 |a BIBCUR |b BIBCUR |c GEN |d 2023-12-21 |e 13 |g 145965.00 |i 5659918 |l 3 |m 2 |o 575.1 KLU 2013 |p 5659918 |r 2025-04-22 |s 2024-09-26 |t 17 |v 145965.00 |w 2023-12-21 |y BK |k BIO | ||
| 952 | |0 0 |1 0 |2 ddc |4 0 |6 575_100000000000000_KLU_2013 |7 0 |8 A |9 593001 |a BIBCUR |b BIBCUR |c GEN |d 2023-12-21 |e 13 |g 145965.00 |i 5659921 |l 5 |o 575.1 KLU 2013 |p 5659921 |q 2025-05-14 |r 2025-05-07 |s 2025-05-07 |t 20 |v 145965.00 |w 2023-12-21 |y BK |k BIO | ||
| 952 | |0 0 |1 0 |2 ddc |4 0 |6 575_100000000000000_KLU_2013 |7 0 |8 A |9 593002 |a BIBCUR |b BIBCUR |c GEN |d 2023-12-21 |e 13 |g 145965.00 |i 5659920 |l 3 |m 2 |o 575.1 KLU 2013 |p 5659920 |r 2025-04-22 |s 2025-03-11 |t 19 |v 145965.00 |w 2023-12-21 |y BK |k BIO | ||
| 952 | |0 0 |1 0 |2 ddc |4 0 |6 575_100000000000000_KLU_2013 |7 0 |8 A |9 593003 |a BIBCUR |b BIBCUR |c GEN |d 2023-12-21 |e 13 |g 145965.00 |i 5659919 |l 6 |m 1 |o 575.1 KLU 2013 |p 5659919 |r 2025-04-22 |s 2024-09-26 |t 18 |v 145965.00 |w 2023-12-21 |y BK |k BIO | ||
| 952 | |0 0 |1 0 |2 ddc |4 0 |6 575_100000000000000_KLU_2013 |7 0 |8 A |9 593004 |a BIBCUR |b BIBCUR |c GEN |d 2023-12-21 |e 13 |g 145965.00 |i 5659917 |l 8 |m 2 |o 575.1 KLU 2013 |p 5659917 |r 2025-04-30 |s 2025-04-29 |t 16 |v 145965.00 |w 2023-12-21 |y BK |k BIO | ||